NBS English Malayalam dictionary (Malayalam) (Record no. 20697)

MARC details
000 -LEADER
fixed length control field 00297nam a2200109Ia 4500
082 ## - DEWEY DECIMAL CLASSIFICATION NUMBER
Classification number 030=573.14=1112
Item number MAD
100 ## - MAIN ENTRY--AUTHOR NAME
Personal name Madhavan Pillai, C
245 #0 - TITLE STATEMENT
Title NBS English Malayalam dictionary (Malayalam)
260 ## - PUBLICATION, DISTRIBUTION, ETC. (IMPRINT)
Place of publication Kottayam
Name of publisher SPCS
Year of publication 1966
942 ## - ADDED ENTRY ELEMENTS (KOHA)
Koha item type Books
Holdings
Withdrawn status Lost status Damaged status Not for loan Home library Current library Date acquired Cost, normal purchase price Full call number Accession Number Koha item type
        RRII Library RRII Library 16/12/2021 40.00 030=573.14=1112 MAD 01420 Books